000 00430nam a2200157Ia 4500
003 GCL
008 140319s9999 xx 000 0 ara d
040 _aGCL /
_cGCL
082 0 4 _a813.03
_bا د
100 1 _aاحمد يوسف داود
245 1 0 _aدمشق الجميلة رواية /
_cاحمد يوسف داود
490 _a
650 0 4 _aالادب العربى
650 0 4 _aالقصص العربية
942 _2ddc
_cBK
999 _c39443
_d39443